|
|
|
|
| LEADER |
00695naa a2200181 i 4500 |
| 001 |
misc29983 |
| 005 |
20200430142021.0 |
| 008 |
180611s1984 hu o 0|| lat d |
| 020 |
|
|
|a 963-481-187-6
|
| 022 |
|
|
|a 0230-8495
|
| 040 |
|
|
|a SZTE Miscellanea Repozitórium
|b hun
|
| 041 |
|
|
|a lat
|
| 245 |
0 |
0 |
|a Index minor
|h [elektronikus dokumentum]
|
| 260 |
|
|
|c 1984
|
| 300 |
|
|
|a 199-259
|
| 490 |
0 |
|
|a Adattár XVI-XVIII. századi szellemi mozgalmaink történetéhez
|v 12
|
| 695 |
|
|
|a Magánkönyvtár - Magyarország - 16. sz., Könyvtári katalógus - 16. sz., Könyvkultúra - Magyarország - 16. sz., Dernschwam, Johann
|
| 856 |
4 |
0 |
|u http://misc.bibl.u-szeged.hu/29983/1/ad_012_1_199-259.pdf
|z Dokumentum-elérés
|